| 000 | 00558nam a2200193Ia 4500 | ||
|---|---|---|---|
| 003 | GCL | ||
| 008 | 140319s9999 xx 000 0 ara d | ||
| 020 | _a3790245977 | ||
| 040 |
_aGCL / _cGCL |
||
| 082 | 0 | 4 |
_a239.9 _bح ص |
| 100 | 1 | _aحسن حبشى | |
| 245 | 1 | 0 |
_aصحابيات صنعن التاريخ / _cحسن حبشى |
| 250 | _aالاولى | ||
| 260 |
_aالقاهرة : _bدار نهضة الشرق ، _c2002 |
||
| 300 |
_a231 ص ؛ _c24 سم |
||
| 650 | 0 | 4 | _aالصحابيات |
| 650 | 0 | 4 | _aالمرأة فى الاسلام |
| 942 |
_2ddc _cBK |
||
| 999 |
_c6338 _d6338 |
||